[Event "Open A"]
[Site "Polanica Zdroj POL"]
[Date "2007.08.25"]
[Round "9"]
[White "Fistek,D"]
[Black "Lubczynski,R"]
[Result "0-1"]
[WhiteElo "2167"]
[BlackElo "2368"]

1.d4 Nf6 2.c4 e6 3.Nf3 b6 4.a3 Bb7 5.Nc3 d5 6.cxd5 exd5 7.g3 Be7 8.Bg2 O-O
9.O-O Nbd7 10.Bf4 a6 11.Re1 Re8 12.Ne5 Bd6 13.Nxd7 Qxd7 14.Bg5 Ne4 15.Nxe4 dxe4
16.Qd2 h6 17.Bf4 Rad8 18.Rad1 Bxf4 19.Qxf4 c5 20.dxc5 Qxd1 21.Rxd1 Rxd1+
22.Bf1 bxc5 23.Qc7 Bc8 24.Kg2 Be6 25.e3 c4 26.Qc6 Rc8 27.Qb6 Bg4 28.Qxa6 Bf3+
29.Kh3 Rc5 30.g4 Rxf1 31.Qa8+ Kh7 32.Qf8 Rg5  0-1

[Event "zt 3.2"]
[Site "Dhaka BAN"]
[Date "2007.08.27"]
[Round "7"]
[White "Abdulla,AlR"]
[Black "Suvrajit,S"]
[Result "1/2-1/2"]
[WhiteElo "2524"]
[BlackElo "2405"]

1.d4 Nf6 2.c4 e6 3.Nf3 b6 4.a3 Bb7 5.Nc3 d5 6.Qa4+ c6 7.cxd5 exd5 8.Bg5 Be7
9.e3 O-O 10.Bd3 Ne4 11.Bf4 f5 12.g4 Bd6 13.Bxd6 Qxd6 14.Qc2 Ba6 15.gxf5 Bxd3
16.Qxd3 Nxc3 17.bxc3 Nd7 18.Rg1 Qf6 19.Rg5 h6 20.Rg2 Qxf5 21.Qxf5 Rxf5 22.Ke2 Raf8
23.Nh4 Rg5 24.Rxg5 hxg5 25.Nf3 g4 26.Nd2 Kf7 27.Rg1 Rh8 28.Rxg4 Rxh2 29.Rg1 Rh5
30.c4 c5 31.Kd3 dxc4+ 32.Nxc4 cxd4 33.Kxd4 g6 34.f4 Kf6 35.e4 Rh4 36.Ne3 Kf7
37.Rf1 Nc5 38.Nc4 Kf6 39.Kd5 Rh3 40.e5+ Ke7 41.f5 Rd3+ 42.Kc6 gxf5 43.Rxf5 Rc3
44.Kd5 Rd3+ 45.Kc6 Rc3 46.Kd5  1/2-1/2

[Event "13th Open"]
[Site "Chambery FRA"]
[Date "2007.08.30"]
[Round "3"]
[White "Peyrin,J"]
[Black "Brunner,N"]
[Result "0-1"]
[WhiteElo "2011"]
[BlackElo "2435"]

1.d4 Nf6 2.c4 e6 3.Nf3 b6 4.a3 Ba6 5.Qc2 Bb7 6.Nc3 c5 7.Bg5 cxd4 8.Nxd4 Nc6
9.Nxc6 Bxc6 10.e4 Qb8 11.Bh4 Nxe4 12.Nxe4 Qf4 13.Bd3 Qxh4 14.O-O f5 15.Ng3 Bd6
16.Rfe1 O-O 17.Rad1 Bc7 18.b4 Rf6 19.b5 Bb7 20.c5 bxc5 21.Qxc5 Bb6 22.Qe5 Rh6
23.h3 f4 24.Re4 Qxg3 25.Kh1 Bxf2 26.Bf1 Rxh3+  0-1

[Event "XXII Open"]
[Site "Parla ESP"]
[Date "2007.09.03"]
[Round "3"]
[White "Pau Plana,A"]
[Black "Arribas Lopez,A"]
[Result "1/2-1/2"]
[WhiteElo "2095"]
[BlackElo "2292"]

1.d4 Nf6 2.c4 e6 3.Nf3 b6 4.a3 Bb7 5.Nc3 d5 6.Bg5 Be7 7.e3 O-O 8.Bxf6 Bxf6
9.cxd5 exd5 10.Bd3 Re8 11.Qc2 h6 12.O-O-O Nd7 13.h4 c5 14.g4 cxd4 15.exd4 Nf8
16.g5 hxg5 17.hxg5 Bxg5+ 18.Kb1 g6 19.Nxg5 Qxg5 20.Rdg1 Qf6 21.f4 Re3 22.Nd1 Rf3
23.f5 Bc8 24.fxg6 Rxd3 25.gxf7+ Kxf7 26.Qc7+ Bd7 27.Rh7+ Nxh7 28.Qxd7+ Kf8
29.Qxh7 Rxd1+ 30.Rxd1 Qf3 31.Re1 Qf2 32.Qh8+ Kf7 33.Qh7+ Kf8 34.Qh6+ Kf7
35.Qh7+ Kf8  1/2-1/2

[Event "XXII Open"]
[Site "Parla ESP"]
[Date "2007.09.08"]
[Round "8"]
[White "Kononenko,T"]
[Black "Rubio Mejia,L"]
[Result "0-1"]
[WhiteElo "2393"]
[BlackElo "2270"]

1.d4 Nf6 2.c4 e6 3.Nf3 b6 4.a3 Ba6 5.Qc2 Bb7 6.Nc3 c5 7.dxc5 bxc5 8.Bf4 d6
9.Rd1 Qb6 10.e3 Be7 11.Be2 O-O 12.O-O Rd8 13.Rd2 Nbd7 14.Rfd1 Nf8 15.h3 Ng6
16.Bh2 Rac8 17.Ne1 a6 18.Bf3 Bxf3 19.Nxf3 Qc6 20.Rd3 Ne8 21.e4 Nf6 22.Qe2 Rd7
23.Ne1 Rcd8 24.f4 Bf8 25.Nf3 Qc7 26.f5 Ne5 27.R3d2 h6 28.g4 Be7 29.Bf4 Qb7
30.Nxe5 dxe5 31.Bxe5 Rxd2 32.Rxd2 Rxd2 33.Qxd2 Nd7 34.Bg3 Bf6 35.fxe6 fxe6
36.Qc2 Ne5 37.Bxe5 Bxe5 38.Nd1 Qf7 39.Qe2 Qf4 40.Nf2 Bd4 41.b4 Qg3+ 42.Kf1 Bxf2
43.Qxf2 Qxh3+ 44.Ke1 cxb4 45.axb4 Qc3+ 46.Kd1 Qxc4 47.Qe1 Kf7 48.Qf2+ Ke8
49.Qa7 Qd3+ 50.Kc1 Qxe4 51.Qxa6 Qf4+ 52.Kc2 Qxb4 53.Qxe6+ Qe7 54.Qg8+ Kd7
55.Qd5+ Kc7 56.Qc4+ Kd6 57.Kd3 Qe5 58.Qa6+ Ke7 59.Qb7+ Kf6 60.Qd7 Kg5 61.Kd2 Kh4
62.Kd1 Qg5 63.Ke1 Qxg4 64.Qd5 Qf4 65.Ke2 h5 66.Qh1+ Kg5 67.Qd5+ Kh6 68.Qe6+ Kh7
69.Qe8 Qf5 70.Qd8 Qe5+ 71.Kd3 Qg3+ 72.Ke2 h4 73.Qd5 Qg4+ 74.Kf2 Qg3+ 75.Kf1 Kh6
76.Qe6+ g6 77.Qe8 Qf3+ 78.Kg1 Kh5 79.Qe5+ g5 80.Qe8+ Kg4 81.Qe6+ Kg3 82.Qe5+ Qf4
83.Qc3+ Kg4 84.Qc8+ Qf5 85.Qc3 Qe4 86.Qd2 Qf3 87.Qd7+ Kg3 88.Qd6+ Kh3 89.Qd2 Qg3+
90.Kh1 g4 91.Qe3  0-1

[Event "3rd Geller mem Open A"]
[Site "Odessa UKR"]
[Date "2007.09.10"]
[Round "3"]
[White "Vdovichenko,V"]
[Black "Pavlov,S2"]
[Result "0-1"]
[WhiteElo "2198"]
[BlackElo "2415"]

1.d4 Nf6 2.c4 e6 3.Nf3 b6 4.a3 Ba6 5.e3 d5 6.Nbd2 Be7 7.b4 O-O 8.Bb2 c5 9.dxc5 bxc5
10.b5 Bb7 11.Be2 Nbd7 12.O-O Qc7 13.Qc2 Rad8 14.Rfd1 Rfe8 15.Rac1 h6 16.Qb1 Qb8
17.h3 Rc8 18.Bd3 Qa8 19.Qa1 Nb6 20.cxd5 Bxd5 21.a4 Rcd8 22.Bf1 Nc8 23.Ne5 Bf8
24.f3 Nh5 25.e4 Bb7 26.Ndc4 Be7 27.Rxd8 Rxd8 28.Rd1 Nd6 29.g4 Nf4 30.Na5 Bf8
31.Nxb7 Qxb7 32.Qc1 Ng6 33.Nc6 Rc8 34.e5 Ne8 35.Bd3 a6 36.Qc4 axb5 37.axb5 Nc7
38.Kf2 Nxb5 39.Na5 Qb6 40.Qxb5 Qxb5 41.Bxb5 Rb8 42.Bc3 Rxb5 43.Rd8 Ne7 44.Kg3 Nd5
45.Be1 g5 46.Nc4 Kg7 47.Nd6 Rb2 48.Ne8+ Kg6 49.Nf6 Bg7 50.Rg8 Ne7 51.Re8 Nc6
52.Bc3 Rb3 53.Nh5 Rb8 54.Rxb8 Nxb8 55.Nxg7 Kxg7 56.Kf2 Nd7 57.Ke3 Nb6 58.Kd3 Kg6
59.Bd2 h5 60.Be3 Nd5 61.Bxc5 Nf4+ 62.Ke4 Nxh3 63.Be3 h4 64.Bd2 Nf2+ 65.Ke3 Nd3
66.f4 Nxf4 67.Kf3 Nd3 68.Bc3 h3 69.Kg3 h2 70.Kxh2 Nf2  0-1

[Event "3rd Geller mem Open A"]
[Site "Odessa UKR"]
[Date "2007.09.11"]
[Round "4"]
[White "Ivanenko,O1"]
[Black "Zdebskaja,N"]
[Result "1/2-1/2"]
[WhiteElo "2104"]
[BlackElo "2303"]

1.d4 Nf6 2.c4 e6 3.Nf3 b6 4.a3 Ba6 5.Qa4 Bb7 6.Nc3 c5 7.Bf4 Be7 8.e3 O-O
9.Be2 Nh5 10.Bg3 d6 11.Rd1 cxd4 12.Rxd4 Nc6 13.Rd2 Nxg3 14.hxg3 a6 15.Qc2 g6
16.O-O Rc8 17.b4 Qc7 18.Rfd1 Rfd8 19.Qa4 Nb8 20.Rc1 Nd7 21.Qd1 Nf6 22.Nd4 Bf8
23.Nb3 Bg7 24.Qf1 Qb8 25.Na4 Bc6 26.Nc3 Ne4 27.Nxe4 Bxe4 28.Bd3 Bb7 29.Rdc2 Qa8
30.a4 a5 31.bxa5 bxa5 32.c5 Bd5 33.Bc4 Be4 34.Bd3 Bxd3 35.Qxd3 dxc5 36.Qe2 Rb8  1/2-1/2

[Event "3rd Geller mem Open A"]
[Site "Odessa UKR"]
[Date "2007.09.13"]
[Round "6"]
[White "Vdovichenko,V"]
[Black "Korobkov,P"]
[Result "0-1"]
[WhiteElo "2198"]
[BlackElo "2423"]

1.d4 Nf6 2.c4 e6 3.Nf3 b6 4.a3 Ne4 5.g3 Bb7 6.Bg2 g6 7.O-O Bg7 8.Qc2 f5 9.Rd1 d5
10.Bf4 Nc6 11.Ne5 Nxe5 12.Bxe5 Bxe5 13.dxe5 Qe7 14.Qa4+ c6 15.e3 O-O 16.Nd2 c5
17.Nf1 dxc4 18.Qxc4 Ng5 19.Nd2 Bxg2 20.Kxg2 Qb7+ 21.f3 Rad8 22.h4 b5 23.Qf4 Nf7
24.Nb3 Rd5 25.Rac1 Rc8 26.Na5 Qd7 27.Rxd5 Qxd5 28.e4 Qxe5 29.Qxe5 Nxe5 30.Nb3 Nd3
31.Rc3 fxe4 32.fxe4 c4 33.Nd4 a6 34.b3 e5 35.Nc2 Nc5 36.bxc4 Nxe4 37.Re3 Rxc4
38.Nb4 a5 39.Nd3 Rc2+ 40.Kh3 Nc5 41.Nxe5 b4 42.axb4 axb4 43.Nf3 b3 44.Re8+ Kg7
45.Rb8 b2 46.Ne5 Kf6 47.Ng4+ Ke6 48.Ne3 Re2 49.Rb6+ Kf7 50.Nc4 Nd3 51.Rb7+ Kf6
52.Rb6+ Kf5 53.Rb5+ Ke4 54.Kg4 h6 55.Nd6+ Kd4 56.h5 gxh5+ 57.Kf5 Re1  0-1

[Event "3rd Geller mem Open A"]
[Site "Odessa UKR"]
[Date "2007.09.15"]
[Round "8"]
[White "Bagrationi,A"]
[Black "Varchenko,G"]
[Result "1-0"]
[WhiteElo "2164"]
[BlackElo "2223"]

1.d4 Nf6 2.c4 e6 3.Nf3 b6 4.a3 Bb7 5.Nc3 d5 6.cxd5 exd5 7.g3 Nbd7 8.Bg2 a6
9.O-O Bd6 10.Bf4 Bxf4 11.gxf4 O-O 12.Ne5 Ne4 13.Nxe4 dxe4 14.Rc1 Nf6 15.e3 Qd6
16.Qc2 Rac8 17.Bh3 a5 18.Bxc8 Rxc8 19.Kh1 Bd5 20.Qe2 g6 21.Rc3 Kg7 22.Rfc1 Bb7
23.R3c2 Nd5 24.Qg4 Rd8 25.Qh4 Re8 26.Nc6 Ba6 27.Nxa5 Bd3 28.Rc6 Qd7 29.Nb3 Bb5
30.R6c2 Ba4 31.Nd2 Bxc2 32.Rxc2 Qb5 33.Nc4 Qb3 34.Rc1 b5 35.Ne5 f6 36.Ng4 Re7
37.Qh6+ Kg8 38.f5 Rg7 39.Rg1 Kf7 40.fxg6+ hxg6 41.Qh8 g5 42.Nh6+ Kg6 43.Nf5 Kxf5
44.Qxg7 Ke6 45.Qg8+ Kd6 46.Qf8+ Ke6 47.Qc5 Ne7 48.Qc3 Qa2 49.Rc1 c6 50.Qc2 Qd5
51.Qe2 Qf5 52.Kg2 Kd6 53.Rc5 Qg6 54.Qg4 Nd5 55.h4 Ne7 56.hxg5 Nd5 57.Qg3+ Kd7
58.gxf6 Qxf6 59.Qg4+ Kc7 60.Rxd5 cxd5 61.Qf4+  1-0

[Event "17th ch-EU U16 Girls"]
[Site "Sibenik CRO"]
[Date "2007.09.19"]
[Round "6"]
[White "Khazhomia,S"]
[Black "Tsatsalashvili,K"]
[Result "0-1"]
[WhiteElo "2175"]
[BlackElo "2181"]

1.d4 Nf6 2.c4 e6 3.Nf3 b6 4.a3 Ba6 5.Qc2 Bb7 6.Nc3 c5 7.e4 cxd4 8.Nxd4 Bc5
9.Nb3 Nc6 10.Nxc5 bxc5 11.Be3 Qe7 12.O-O-O Ng4 13.Nb5 Nxe3 14.fxe3 O-O 15.Qc3 f6
16.Be2 Ne5 17.Nd6 Bc6 18.Qa5 Rfb8 19.Qxc5 Rb6 20.Qd4 Nf7 21.c5 Rbb8 22.Rhf1 Nxd6
23.cxd6 Qd8 24.e5 f5 25.g4 Be4 26.Bd3 Bxd3 27.Rxd3 fxg4 28.Qxg4 Qa5 29.Qe4 Qb5
30.Rf2 Rc8+ 31.Kb1 Rab8 32.Rd1 Rf8 33.Rxf8+ Rxf8 34.Rc1 Rb8 35.Rc2 Rf8 36.Rc1 h6
37.Qd4 a6 38.e4 Kh7 39.a4 Qb3 40.Qc4 Qb7 41.Rc2 Rf3 42.Rc3 Rf4 43.Re3 Qb6
44.Qc3 a5 45.h3 Rf2 46.Rd3 Re2 47.Rd4 Qb7 48.b3 Qb8 49.Qf3 Rh2 50.Qg3 Rh1+
51.Ka2 Qf8 52.Qg2 Rf1 53.Rd2 Qf4 54.h4 g6 55.Rc2 Kg7 56.h5 g5 57.Qe2 g4 58.Ka3 Ra1+
59.Kb2 Qxe5+ 60.Rc3 Rg1 61.Qb5 Rg2+ 62.Ka3 Qxd6+ 63.Qc5 Qxc5+ 64.Rxc5 Rf2
65.e5 g3 66.Rc3 g2 67.Rg3+ Kf7 68.b4 axb4+ 69.Kxb4 Ke7 70.Rg8 Re2 71.a5 Re4+
72.Kc3 Rxe5 73.Rxg2 Rxa5  0-1

[Event "17th Senior WCh"]
[Site "Gmunden AUT"]
[Date "2007.09.20"]
[Round "4"]
[White "Hecht,Ha"]
[Black "Titz,Hei"]
[Result "1-0"]
[WhiteElo "1869"]
[BlackElo "2236"]

1.d4 Nf6 2.c4 e6 3.Nf3 b6 4.a3 Ba6 5.Qc2 Bb7 6.Nc3 c5 7.dxc5 bxc5 8.Bf4 d6
9.Rd1 Qb6 10.e3 Nbd7 11.Be2 Be7 12.O-O O-O 13.Rd2 Rfd8 14.Rfd1 Nf8 15.b4 cxb4
16.axb4 Nh5 17.Bg5 Bxg5 18.Nxg5 Nf6 19.Nb5 Qc6 20.Bf1 d5 21.c5 e5 22.Nd6 Rxd6
23.cxd6 Qxd6 24.Ne4 Qxb4 25.Nxf6+ gxf6 26.Rb1 Qe7 27.Qb3 Bc6 28.Rc1 Qd6 29.Qc3 Bd7
30.Qc5 Qxc5 31.Rxc5 Be6 32.Ra5 Nd7 33.Rda2 Rb8 34.Ra1 f5 35.Rxa7 Rb2 36.R7a2 Rb3
37.Ra3 Rb2 38.R1a2 Rb1 39.Ra1 Rb2 40.Rc3 Kg7 41.Rac1 Nf6 42.f3 Rb4 43.R3c2 Rb3
44.Kf2 Ra3 45.Rc3 Ra2+ 46.R3c2 Ra3 47.Be2 Rb3 48.Ba6 Rb4 49.Bc8 Bxc8 50.Rxc8 d4
51.exd4 Rxd4 52.R1c2 e4 53.R8c4 Rd6 54.Rc6 Rd7 55.Rc7 Rd4 56.R7c4 Rd6 57.Ke2 exf3+
58.gxf3 Ng8 59.Rc6 Rg6 60.Rc7 Rh6 61.Ke3 Nf6 62.Ra7 Nd5+ 63.Kd4 Nf4 64.Ke5 Ne6
65.Rg2+ Rg6 66.Raa2 f4 67.Kf5 Nd4+ 68.Kxf4 Kf6 69.Rxg6+ hxg6 70.Ra6+ Ne6+
71.Ke4 Kg7 72.Ke5 Ng5 73.Ra3 f6+ 74.Kd6 Nf7+ 75.Ke7 Ne5 76.Re3 Nc6+ 77.Kd6 Nd4
78.Rd3 Ne2 79.Ra3 g5 80.Ra4 Kg6 81.Ke6 f5 82.Ke5 f4 83.Ra2 Ng1 84.Ke4 Kh5
85.Ra8 Ne2 86.Rh8+ Kg6 87.h4 gxh4 88.Rxh4 Kg5 89.Rg4+ Kf6 90.Rxf4+  1-0

[Event "17th Senior WCh"]
[Site "Gmunden AUT"]
[Date "2007.09.21"]
[Round "5"]
[White "Pushkov,N"]
[Black "Hecht,Ha"]
[Result "1/2-1/2"]
[WhiteElo "2513"]
[BlackElo "1869"]

1.d4 Nf6 2.c4 e6 3.Nf3 b6 4.a3 Bb7 5.Nc3 d5 6.cxd5 Nxd5 7.Qc2 Be7 8.e4 Nxc3
9.bxc3 Nd7 10.Bd3 c5 11.O-O O-O 12.Bb2 Qc7 13.Qe2 Rfe8 14.Rfe1 Bf8 15.Bb5 a6
16.Bd3 b5 17.a4 c4 18.Bc2 e5 19.d5 Nc5 20.Reb1 Rab8 21.Bc1 Bc8 22.axb5 axb5
23.Be3 Bd7 24.h3 Ra8 25.Nh2 Ra5 26.Nf1 Bd6 27.Bd2 Rea8 28.Qd1 Ra2 29.Ne3 g6
30.Ng4 Rxa1 31.Rxa1 Rxa1 32.Qxa1 Bxg4 33.hxg4 Nb3 34.Qa8+ Qb8 35.Qxb8+ Bxb8
36.Be1 Bc7  1/2-1/2

[Event "George Trundle NZ IM"]
[Site "Auckland NZL"]
[Date "2007.09.24"]
[Round "3"]
[White "Lukey,S"]
[Black "Johansen,D"]
[Result "0-1"]
[WhiteElo "2301"]
[BlackElo "2446"]

1.d4 Nf6 2.c4 e6 3.Nf3 b6 4.a3 Bb7 5.Nc3 g6 6.Bg5 Bg7 7.e3 O-O 8.Bd3 h6 9.Bh4 d6
10.O-O Nbd7 11.e4 g5 12.Bg3 Nh5 13.e5 Nxg3 14.fxg3 dxe5 15.d5 f5 16.dxe6 Nc5
17.Bc2 Nxe6 18.Qe2 e4 19.Rad1 Qe8 20.Ne1 Nd4 21.Qe3 Qe5 22.Ba4 Rad8 23.Kh1 f4
24.gxf4 gxf4 25.Qh3 Bc8 26.Qh4 Be6 27.Nc2 Bxc4 28.Nxd4 Rxd4 29.Rxd4 Qxd4
30.Rxf4 e3 31.Rxf8+ Kxf8 32.Qh3 Ke7 33.Qc8 Be5 34.Qe8+ Kf6 35.Qf8+ Kg5 36.Qe7+ Bf6
37.Ne4+ Kf5 38.Nxf6 e2 39.Bd7+ Kg6 40.Be8+ Kf5 41.Bd7+ Kg6 42.Be8+ Kf5 43.g4+ Kf4
44.Kg2 Bd5+ 45.Nxd5+ Qxd5+ 46.Kf2 Qf3+ 47.Ke1 Qf1+ 48.Kd2 Qd1+  0-1

[Event "George Trundle NZ IM"]
[Site "Auckland NZL"]
[Date "2007.09.26"]
[Round "5"]
[White "Croad,N"]
[Black "Smith,Ro"]
[Result "1/2-1/2"]
[WhiteElo "2308"]
[BlackElo "2318"]

1.d4 Nf6 2.Nf3 e6 3.c4 b6 4.a3 Ba6 5.Qc2 d5 6.cxd5 exd5 7.g3 Bd6 8.Bg2 O-O
9.O-O Re8 10.Nc3 Nbd7 11.Nh4 Rc8 12.Nf5 Bf8 13.Bg5 h6 14.Bf4 c5 15.Rad1 cxd4
16.Nxd4 Ne4 17.Bxe4 Rxe4 18.Qd2 Re8 19.Ndb5 Nf6 20.Nxa7 Rxc3 21.Qxc3 Bxe2
22.Nc6 Qc8 23.Kg2 Ne4 24.Qc2 Bxf1+ 25.Rxf1 Bc5 26.Nb4 Bxb4 27.Qxc8 Rxc8 28.axb4 Rc2
29.Be5 f6 30.Bc3 Kf7 31.Rd1 Ke6 32.Bd4 b5 33.Ra1 Rd2 34.Ra6+ Kf5 35.Bc5 d4
36.Rb6 Rxf2+ 37.Kg1 Rd2 38.Rxb5 Kg4 39.Bf8 g5 40.Rd5 Kf3 41.Rf5+ Ke3 42.Be7 Rxb2
43.Bxf6 Nxf6 44.Rxf6 d3 45.Re6+ Kf3 46.Rf6+ Ke4 47.Re6+ Kd5 48.Re8 d2 49.Rd8+ Kc4
50.Kf1 Kxb4 51.Ke2 d1=Q+ 52.Kxd1 Rxh2 53.Ke1 Kc5 54.Kf1 Rb2 55.Kg1 Rb6 56.Kg2 Rd6
57.Re8 g4 58.Re3 Kd4 59.Ra3 h5 60.Kf2 Ke4 61.Re3+ Kf5 62.Re8 Rd2+ 63.Kf1 Rd5
64.Kf2 Re5 65.Ra8 Ke4 66.Ra4+ Kd3 67.Ra3+ Kd2 68.Ra2+ Kc3 69.Ra3+ Kb4 70.Rd3 Kc4
71.Ra3 Rf5+ 72.Kg2 Rb5 73.Kf2 Rb2+ 74.Kf1 Kb4 75.Ra8 Kc4 76.Ra5 Kd3 77.Rxh5 Ke4
78.Kg1 Kf3 79.Rf5+ Kxg3 80.Rf1 Kh3 81.Ra1 Rb3 82.Rc1 Rb2 83.Ra1 g3 84.Rc1 Rg2+
85.Kh1 Rf2 86.Kg1 Rg2+ 87.Kh1 Re2 88.Kg1 Rd2 89.Ra1 Rd3 90.Rb1 Ra3 91.Rc1 Re3
92.Ra1 Kg4 93.Ra8 Re1+ 94.Kg2 Re2+ 95.Kg1 Re1+  1/2-1/2

[Event "16th Monarch Assurance"]
[Site "Port Erin IOM"]
[Date "2007.09.30"]
[Round "9"]
[White "Egozi,N"]
[Black "Hutchinson,N"]
[Result "0-1"]
[WhiteElo "2205"]
[BlackElo "2079"]

1.d4 Nf6 2.c4 e6 3.Nf3 b6 4.a3 Ba6 5.Qc2 c5 6.dxc5 Bxc5 7.b4 Be7 8.g3 Qc8
9.Nbd2 d5 10.Ne5 Nbd7 11.Nxd7 Qxd7 12.cxd5 Nxd5 13.Bg2 Rc8 14.Qb3 Nc3 15.Bf3 Bb5
16.a4 Bxa4 17.Qb2 Bf6 18.Qa3 Bc6 19.Qxa7 Qxa7 20.Bxc6+ Rxc6 21.Rxa7 Nb5 22.Ra8+ Ke7  0-1

[Event "Magistral ITT ENDESA"]
[Site "Santiago CHI"]
[Date "2007.10.05"]
[Round "10"]
[White "Valenzuela Fuentealba,L"]
[Black "Valdes Escobar,A"]
[Result "1/2-1/2"]
[WhiteElo "2434"]
[BlackElo "2305"]

1.d4 e6 2.c4 Nf6 3.Nf3 b6 4.a3 Bb7 5.Nc3 d5 6.Bg5 Be7 7.Qa4+ c6 8.Bxf6 Bxf6
9.cxd5 exd5 10.g3 O-O 11.Bg2 Nd7 12.O-O Re8 13.Rfd1 Qe7 14.e3 Nf8 15.b4 a6
16.Qb3 Bc8 17.a4 Qa7 18.Ra2 Be6 19.Ne1 Red8 20.b5 Qd7 21.bxc6 Qxc6 22.Rc2 Qd6
23.Nd3 Ng6 24.Rb1 Rab8 25.Rcc1 Ne7 26.Nb4 Ra8 27.Bf1 Bc8 28.Rb2 Bb7 29.Nd3 Nc8
30.Bg2 Rb8 31.h4 h6 32.Rcc2 g5 33.h5 Be7 34.Bh3 Qa3 35.Ne5 Qxb3 36.Rxb3 Rd6
37.Nd7 Ra8 38.a5 b5 39.Nc5 Bc6 40.Bxc8 Rxc8 41.Nxa6 Ra8 42.Nc7 Rxa5 43.N3xb5 Rf6
44.Rxc6 Rxc6 45.Nxd5 Bf8 46.g4 Rc8 47.Nbc7 Kg7 48.Rb7 Kg8 49.Nf6+ Kh8 50.Ne6 Bg7
51.Rxf7 Bxf6 52.Rxf6 Kh7 53.Rf7+ Kg8 54.Rg7+ Kh8 55.Rg6 Kh7 56.Kg2 Ra7 57.d5 Rd7
58.e4 Rf7 59.Nd4 Rf4 60.f3 Rc4 61.Ne6 Rf7 62.d6 Rc2+ 63.Kg3 Rd2 64.e5 Rd3
65.Rf6 Rxf6 66.exf6 Kg8 67.Nc5 Rxd6 68.Ne4 Rb6 69.Kf2 Kf7 70.Ke3 Ra6 71.Ke2 Ke6
72.Kf2 Ra7 73.Kg3 Ke5 74.Nc3 Rc7 75.Ne4 Ra7 76.Nc3 Rd7 77.Ne4 Rc7 78.Kf2 Rb7
79.Kg3 Ra7 80.Nc3 Kxf6 81.Nd5+ Ke5 82.Ne3 Ra6 83.Nf5 Rf6 84.Ne3 Rf8 85.Nf5 Rf6  1/2-1/2

[Event "Open"]
[Site "Nelson NZL"]
[Date "2007.10.06"]
[Round "8"]
[White "Davis,J"]
[Black "Forster,W"]
[Result "1/2-1/2"]
[WhiteElo "1893"]
[BlackElo "1977"]

1.Nf3 Nf6 2.d4 e6 3.c4 b6 4.a3 Ba6 5.b3 d5 6.g3 dxc4 7.Bg2 cxb3 8.Ne5 Nd5
9.Qxb3 c6 10.Nc3 Be7 11.O-O O-O 12.Bb2 Bb7 13.Rfd1 Nd7 14.Nxd7 Qxd7 15.e4 Nf6
16.d5 cxd5 17.exd5 exd5 18.Nxd5 Nxd5 19.Bxd5 Bxd5 20.Rxd5 Qb7 21.Rad1 Rad8
22.Qf3 Rxd5 23.Rxd5 Qc8 24.Qe4 Rd8 25.Rh5 h6 26.Qxe7 Rd1+ 27.Kg2 Qc6+ 28.Kh3 Qc8+
29.Kg2 Qc6+ 30.Kh3 Qc8+ 31.Kg2 Qc6+  1/2-1/2

[Event "WJun"]
[Site "Yerevan ARM"]
[Date "2007.10.09"]
[Round "7"]
[White "Alvarez Ramirez,M"]
[Black "Pileckis,E"]
[Result "1-0"]
[WhiteElo "2204"]
[BlackElo "2349"]

1.d4 Nf6 2.c4 e6 3.Nf3 b6 4.a3 Ba6 5.Qc2 Bb7 6.Nc3 c5 7.e4 cxd4 8.Nxd4 Bc5
9.Nb3 Nc6 10.Bg5 Nd4 11.Nxd4 Bxd4 12.Bd3 Qb8 13.Ne2 Bc5 14.O-O Ng4 15.Bf4 Bd6
16.Bg3 h5 17.Qc3 f6 18.Bxd6 Qxd6 19.f4 Rc8 20.b4 Ne3 21.e5 Qc6 22.Rf3 Nf5
23.exf6 g6 24.Nd4 Qd6 25.Nb5 Qf8 26.Bxf5 Bxf3 27.Bxg6+ Kd8 28.f7  1-0

[Event "3rd Arctic Cup"]
[Site "Salekhard RUS"]
[Date "2007.10.10"]
[Round "3"]
[White "Rojicek,V"]
[Black "Korjakin,A"]
[Result "0-1"]
[WhiteElo "2355"]
[BlackElo "2196"]

1.d4 Nf6 2.c4 e6 3.Nf3 b6 4.a3 Bb7 5.Nc3 d5 6.Bg5 Be7 7.Bxf6 Bxf6 8.cxd5 exd5
9.Qb3 O-O 10.Rd1 Re8 11.e3 c6 12.Be2 Nd7 13.O-O Nf8 14.Rd2 Qd6 15.Rc1 Rad8
16.Na2 Ne6 17.Nb4 c5 18.dxc5 bxc5 19.Na2 Ba8 20.Qd1 Qb6 21.Nc3 d4 22.Na4 Qa5
23.Nxc5 Nxc5 24.b4 Qxa3 25.bxc5 dxe3 26.Rd6 exf2+ 27.Kf1 Bxf3 28.gxf3 Rxd6
29.cxd6 Rd8 30.d7 g6 31.Rc8 Qe3 32.Qd5 Kg7 33.Rxd8 Bxd8 34.Qd6 a5 35.Qb8 Qb6
36.Qe5+ Qf6 37.Qxf6+ Kxf6 38.Kxf2 a4 39.Ke3 Ke7 40.Bc4 f6 41.Kd3 a3 42.Kc2 Kxd7
43.Bg8 h6 44.h4 f5  0-1

[Event "WJun"]
[Site "Yerevan ARM"]
[Date "2007.10.12"]
[Round "9"]
[White "Alvarez Ramirez,M"]
[Black "Kjartansson,G"]
[Result "1/2-1/2"]
[WhiteElo "2204"]
[BlackElo "2324"]

1.d4 Nf6 2.c4 e6 3.Nf3 b6 4.a3 Bb7 5.Nc3 d5 6.cxd5 Nxd5 7.e3 g6 8.h4 Bg7
9.h5 Nd7 10.Bd3 Qe7 11.e4 Nxc3 12.bxc3 O-O-O 13.h6 Bf8 14.O-O g5 15.Bxg5 f6
16.Be3 Rg8 17.Qe2 Kb8 18.a4 e5 19.a5 f5 20.Bc4 fxe4 21.Nxe5 Nxe5 22.dxe5 Qxe5
23.Bxg8 Bd6 24.g3 Rxg8 25.Rfc1 Qf5 26.axb6 axb6 27.Qa2 Rg6 28.Rd1 Kc8 29.Rxd6 Rxd6
30.Qg8+ Rd8 31.Qc4 Qf3 32.Qe6+ Kb8 33.c4 Bc8 34.Qe7 Rd1+ 35.Rxd1 Qxd1+ 36.Kh2 Qh5+
37.Kg1 Qd1+ 38.Kh2 Qh5+  1/2-1/2

[Event "TCh-HUN 2007-8"]
[Site "Budapest HUN"]
[Date "2007.10.14"]
[Round "1"]
[White "Farago,I"]
[Black "Kiss,At"]
[Result "1-0"]
[WhiteElo "2504"]
[BlackElo "2383"]

1.d4 Nf6 2.c4 e6 3.Nf3 b6 4.a3 Bb7 5.Nc3 d5 6.cxd5 Nxd5 7.Bd2 Nd7 8.Qc2 Be7
9.e4 Nxc3 10.Bxc3 O-O 11.Rd1 Rc8 12.Bd3 c5 13.d5 c4 14.Be2 exd5 15.exd5 b5
16.Nd4 Qb6 17.O-O Bf6 18.Nf5 Rcd8 19.d6 Rfe8 20.Bd4 Bxd4 21.Rxd4 Nf6 22.Rfd1 Re6
23.Qd2 Be4 24.Ne3 Kf8 25.Qb4 a5 26.Nxc4 Qxd4 27.Qxa5 Qxd1+ 28.Bxd1 Rb8 29.Qb4 Nd7
30.Ne3 Rb6 31.Bg4 f5 32.Nxf5 Rc6 33.h4 Rc1+ 34.Kh2 Bc6 35.Qa5 Nf6 36.Bh3 Ree1
37.Ng3 Red1 38.Qd8+ Kf7 39.Qe7+  1-0

[Event "TCh-HUN 2007-8"]
[Site "Budapest HUN"]
[Date "2007.10.14"]
[Round "1"]
[White "Lorincz,I"]
[Black "Bacso,G"]
[Result "0-1"]
[WhiteElo "2315"]
[BlackElo "2153"]

1.d4 Nf6 2.Nf3 b6 3.c4 e6 4.a3 Bb7 5.Nc3 d5 6.Bg5 Be7 7.e3 Nbd7 8.cxd5 Nxd5
9.Nxd5 Bxd5 10.Bf4 Bd6 11.Bg5 Be7 12.Bxe7 Qxe7 13.Bd3 c5 14.dxc5 Qxc5 15.e4 Bb7
16.O-O O-O 17.Rc1 Qh5 18.b4 Nf6 19.Qe2 Rac8 20.h3 h6 21.Rfd1 Rfd8 22.Rxc8 Rxc8
23.Ba6 Bxa6 24.Qxa6 Rc7 25.Qe2 Qg6 26.Rd8+ Kh7 27.Rd4 Qh5 28.Rc4 Rxc4 29.Qxc4 a5
30.e5 Nd5 31.bxa5 bxa5 32.Qa4 Qg6 33.Kh2 Qf5 34.Qxa5 Qf4+ 35.Kh1 Qc1+ 36.Ng1 Nc3
37.Qb4 Qe1 38.f4 g5 39.Kh2 gxf4 40.Qxf4 Qxg1+  0-1

[Event "TCh-ROU Superliga"]
[Site "Predeal ROU"]
[Date "2007.10.15"]
[Round "3"]
[White "Ionescu,Co"]
[Black "Baklan,V"]
[Result "1/2-1/2"]
[WhiteElo "2437"]
[BlackElo "2639"]

1.d4 Nf6 2.c4 e6 3.Nf3 b6 4.a3 Ba6 5.e3 Be7 6.Bd3 d5 7.Nbd2 O-O 8.b4 dxc4
9.Nxc4 c5 10.bxc5 bxc5 11.O-O Nbd7 12.Bb2 cxd4 13.Bxd4 Nc5  1/2-1/2

[Event "TCh-FIN 2007-8"]
[Site "Finland FIN"]
[Date "2007.10.20"]
[Round "3"]
[White "Volodin,Alek"]
[Black "Kanko,I"]
[Result "1-0"]
[WhiteElo "2368"]
[BlackElo "2220"]

1.d4 Nf6 2.c4 e6 3.Nf3 b6 4.a3 d5 5.Nc3 Be7 6.cxd5 exd5 7.g3 O-O 8.Bg2 Bb7
9.O-O Nbd7 10.Ne5 c5 11.Bf4 cxd4 12.Qxd4 Nc5 13.Rad1 Ne6 14.Qd2 Nxf4 15.Qxf4 Rc8
16.Qa4 a6 17.Qb3 Qc7 18.Nf3 b5 19.Nd4 Qc4 20.Qxc4 Rxc4 21.Nc2 Rc7 22.Ne3 Bxa3
23.Nxb5 axb5 24.bxa3 Rd8 25.Rc1 Rdc8 26.Rxc7 Rxc7 27.Rb1 Rc5 28.Nf5 g6 29.Nd4 Ba6
30.Bf3 Ne8 31.Nb3 Rc2 32.Nd4 Rc5 33.Kg2 Nc7 34.e3 Kf8 35.Be2 Ke7 36.Rb3 Kd6
37.a4 Rc1 38.axb5 Bb7 39.Ra3 Ne6 40.Nxe6 fxe6 41.h4 Rc2 42.Bd3 Rd2 43.Kg1 e5
44.Bf1 Rd1 45.f4 e4 46.Kf2 Rb1 47.Be2 Bc8 48.Ra7 Rb2 49.Ke1 Bd7 50.Rb7 Rb1+
51.Kd2 Rb2+ 52.Kd1 Rb1+ 53.Kc2 Rg1 54.g4 Bxg4 55.Bxg4 Rxg4 56.Rxh7 Rg2+ 57.Kd1 Kc5
58.Rg7 Kc4 59.b6 Kd3 60.Kc1 Rc2+ 61.Kb1 Rc6 62.b7 Rb6+ 63.Kc1 Kxe3 64.f5 gxf5
65.h5 d4 66.h6 Rc6+ 67.Kb2 Rb6+  1-0

[Event "22nd GP Open A"]
[Site "Le Touquet FRA"]
[Date "2007.10.31"]
[Round "6"]
[White "Lacrosse,M"]
[Black "D'Costa,L"]
[Result "1-0"]
[WhiteElo "2254"]
[BlackElo "2395"]

1.d4 Nf6 2.c4 e6 3.Nf3 b6 4.a3 Ba6 5.Qc2 Bb7 6.Nc3 c5 7.e4 cxd4 8.Nxd4 Bc5
9.Nb3 Nc6 10.Bf4 Be7 11.Be2 O-O 12.Rd1 Rc8 13.O-O Ne8 14.Rd2 Nb8 15.Nb5 a6
16.Nd6 Nxd6 17.Bxd6 Bxd6 18.Rxd6 Qc7 19.Rfd1 Bd5 20.e5 f6 21.Bd3 fxe5 22.Bxh7+ Kh8
23.Rd3 Qxd6 24.Rh3 Rf6 25.Bg6+ Kg8 26.Qd3 Rxc4 27.Rh8+ Kxh8 28.Qh3+  1-0

[Event "22nd GP Open A"]
[Site "Le Touquet FRA"]
[Date "2007.11.01"]
[Round "8"]
[White "Eliet,N"]
[Black "Starostits,I"]
[Result "1/2-1/2"]
[WhiteElo "2447"]
[BlackElo "2511"]

1.d4 Nf6 2.c4 e6 3.Nf3 b6 4.a3 Ba6 5.Qc2 c5 6.d5 exd5 7.cxd5 g6 8.Nc3 Bg7
9.g3 O-O 10.Bg2 d6 11.O-O Re8 12.Re1 Qe7 13.Bf4 Nbd7 14.e4 Ng4 15.Bg5 Bf6
16.Bxf6 Qxf6 17.Rad1 c4 18.Na2 Nc5 19.h3 Ne5 20.Nxe5 dxe5 21.Bf1  1/2-1/2

[Event "7th Rohde Open"]
[Site "Sautron FRA"]
[Date "2007.11.01"]
[Round "7"]
[White "Dobrev,Nan"]
[Black "Delorme,Al"]
[Result "1/2-1/2"]
[WhiteElo "2448"]
[BlackElo "2245"]

1.d4 Nf6 2.Nf3 e6 3.c4 b6 4.a3 Bb7 5.Nc3 d5 6.cxd5 exd5 7.Bg5 Be7 8.Bxf6 Bxf6
9.Qb3 O-O 10.Rd1 Re8 11.g3 c5 12.Bg2 Ba6 13.O-O Bc4 14.Qa4 Nd7 15.Rfe1 b5
16.Qc2 b4 17.Nb1 cxd4 18.b3 Ba6 19.Nxd4 Qb6 20.e3 Rac8 21.Qd2 Nc5 22.Bxd5 Nd3
23.Rf1 Ne5 24.Rfe1 Nd3 25.Rf1 Ne5  1/2-1/2